ENGINEERING A COMPILER (Record no. 216571)
[ view plain ]
| 000 -LEADER | |
|---|---|
| fixed length control field | 00468nam a22001817a 4500 |
| 008 - FIXED-LENGTH DATA ELEMENTS--GENERAL INFORMATION | |
| fixed length control field | 260211b |||||||| |||| 00| 0 eng d |
| 020 ## - INTERNATIONAL STANDARD BOOK NUMBER | |
| International Standard Book Number | 978-0-1281-5412-0 |
| 100 ## - MAIN ENTRY--PERSONAL NAME | |
| Personal name | COOPER KEITH D. |
| 245 ## - TITLE STATEMENT | |
| Title | ENGINEERING A COMPILER |
| 250 ## - EDITION STATEMENT | |
| Edition statement | 3RD ED. |
| 260 ## - PUBLICATION, DISTRIBUTION, ETC. | |
| Place of publication, distribution, etc. | CAMBRIDGE |
| Name of publisher, distributor, etc. | ELSEVIER |
| Date of publication, distribution, etc. | 2023 |
| 300 ## - PHYSICAL DESCRIPTION | |
| Extent | XXV,820P. |
| 500 ## - GENERAL NOTE | |
| General note | INCLUDES AN INDEX |
| 650 ## - SUBJECT ADDED ENTRY | |
| Topical term or geographic name entry element | COMPILERS-COMPUTER SOFTWARE |
| 700 ## - ADDED ENTRY--PERSONAL NAME | |
| Personal name | LINDA TORCZON |
| 942 ## - ADDED ENTRY ELEMENTS (KOHA) | |
| Source of classification or shelving scheme | Library of Congress Classification |
| Koha item type | Long Loan Book |
| Withdrawn status | Lost status | Source of classification or shelving scheme | Damaged status | Not for loan | Collection | Home library | Current library | Shelving location | Date acquired | Inventory number | Total checkouts | Full call number | Barcode | Date last seen | Copy number | Price effective from | Koha item type |
|---|---|---|---|---|---|---|---|---|---|---|---|---|---|---|---|---|---|
| Library of Congress Classification | Science & Technology | Kisii University Library | Kisii University Library | On Display | 02/11/2026 | 111735 | QA 76.76 .C65 2023 | 50644 | 02/11/2026 | C.1 | 02/11/2026 | Long Loan Book | |||||
| Library of Congress Classification | Science & Technology | Kisii University Library | Kisii University Library | On Display | 02/11/2026 | 111736 | QA 76.76 .C65 2023 | 50646 | 02/11/2026 | C.2 | 02/11/2026 | Long Loan Book | |||||
| Library of Congress Classification | Science & Technology | Kisii University Library | Kisii University Library | On Display | 02/11/2026 | 111737 | QA 76.76 .C65 2023 | 50650 | 02/11/2026 | C.3 | 02/11/2026 | Long Loan Book | |||||
| Library of Congress Classification | Science & Technology | Kisii University Library | Kisii University Library | On Display | 02/11/2026 | 111738 | QA 76.76 .C65 2023 | 50652 | 02/11/2026 | C.4 | 02/11/2026 | Long Loan Book |